00459nam a22001577a 450000500170000001000140001702000260003103500130005703700130007008200100008310000160009324500600010926000440016927000650021330000230027820100804122956.0 aENG-98211 a9788188132195c400.00 aEN-81744 bDBAD/PUB a614.4 aKishore, J. aPractical and Viva community medicine /cby J. Kishore  aNew Delhi bCentury Publications c2010 aPo. New Friends Colony Community Center bNew Delhi e110025 a450 p.b25cm (Pbk)